000 00645nam a22002057a 4500
005 20230725071104.0
008 230725b |||||||| |||| 00| 0 eng d
020 _a978-1-5107-2921-6
082 _a641.873 Y37 2018
100 _aYeager, Jon
_eauthor
245 _aThe ultimate guide to beer cocktails:
_b50 creative recipes for combining beer and booze /
_cJon [Yeager], Lindsay Yeager
260 _aNew York:
_bSkyhorse Publishing,
_cc2018
300 _axxii, 113p.:
_bcol. ill.
504 _aIncludes index
541 _e7343
650 _aBeer
650 _aAlcoholic beverages
650 _aCocktails
700 _aYeager, Lindsay
_eauthor
999 _c2225
_d2225